Mấy quan điểm về nền móng

Kaydedildi:
Detaylı Bibliyografya
Yazar: Nguyễn Văn Đực
Materyal Türü: Kitap
Dil:Vietnamese
Baskı/Yayın Bilgisi: Khoa học Kỹ Thuật 1998
Konular:
Etiketler: Etiketle
Etiket eklenmemiş, İlk siz ekleyin!
Thư viện lưu trữ: Mạng thư viện Đại học Đà Nẵng
LEADER 00987nam a2200313 a 4500
001 000003456
003 00961
005 20171229145311.0
008 171229s1998 vie
040 |a LSK 
041 0 |a VIE 
082 0 |a 690.1  |b NG-Đ 
100 1 |a Nguyễn Văn Đực 
245 0 0 |a Mấy quan điểm về nền móng 
260 |b Khoa học Kỹ Thuật  |c 1998 
300 |a 126 pages  |c 20,5 cm. 
653 |a Xây dựng - Nền móng 
852 |a Phòng Đọc - Phòng Mượn 
901 |a 30 
927 |a Sách tham khảo 
OWN |a LSK 
AVA |a UDN50  |b LSK  |d 690.1 NG-Đ  |e check_holdings  |t Error 5003 Not defined in file expand_doc_bib_avail.  |h N  |k 1 
999 |a From the UDN01 
AVA |a UDN50  |b LSK  |d 690.1 NG-Đ  |e available  |t Error 5001 Not defined in file expand_doc_bib_avail.  |f 30  |g 0  |h N  |i 1  |k 1 
TYP |a Monograph 
TYP |a Printed language 
980 |a Mạng thư viện Đại học Đà Nẵng